[Event "IM Not A GM Speed Chess"]
[Site "chess.com INT"]
[Date "2020.04.20"]
[Round "1.22"]
[White "Kashlinskaya, Alina"]
[Black "Sielecki, Christof"]
[Result "1/2-1/2"]
[WhiteTitle "IM"]
[BlackTitle "IM"]
[WhiteElo "2494"]
[BlackElo "2431"]
[WhiteFideId "4198026"]
[BlackFideId "4620437"]
[EventDate "2020.04.18"]

1. d4 Nf6 2. Nf3 e6 3. a3 c5 4. c4 cxd4 5. Nxd4 Nc6 6. Nc3 Nxd4 7. Qxd4 b6 8.
Bg5 Bc5 9. Qd2 h6 10. Be3 Bxe3 11. Qxe3 O-O 12. O-O-O Qc7 13. Kb1 Qxc4 14. Qd2
Qc5 15. e4 Bb7 16. Bd3 Rac8 17. f4 d5 18. e5 Ne4 19. Bxe4 dxe4 20. Rhe1 b5 21.
Nxe4 Bxe4+ 22. Rxe4 a6 23. Rd4 Rc6 24. h4 Rfc8 25. h5 Qc2+ 26. Qxc2 Rxc2 27.
Rd8+ Kh7 28. Rxc8 Rxc8 29. Rd7 Kg8 30. Rd6 Rc4 31. g3 b4 32. Rxa6 bxa3 33. Rxa3
g6 34. Rc3 Rb4 35. Kc2 gxh5 36. b3 Re4 37. Kd3 Re1 38. b4 h4 39. gxh4 Rf1 40.
Ke4 Re1+ 41. Kf3 Rf1+ 42. Kg3 Rg1+ 43. Kf2 Rb1 44. Rc4 Rb3 45. h5 f6 46. exf6
Kf7 47. Ke2 Kxf6 48. Kd2 e5 49. Kc2 Rh3 50. Rc6+ Kf5 51. fxe5 Rxh5 52. e6 Kf6
53. Kc3 Rh1 54. b5 h5 55. Kd4 h4 56. Ke3 h3 57. Kf2 Rb1 58. Kg3 Rxb5 59. Kxh3
Re5 60. e7+ Kxe7 61. Rc7+ Kf6 1/2-1/2

[Event "IM Not A GM Speed Chess"]
[Site "chess.com INT"]
[Date "2020.04.20"]
[Round "1.23"]
[White "Sielecki, Christof"]
[Black "Kashlinskaya, Alina"]
[Result "1/2-1/2"]
[WhiteTitle "IM"]
[BlackTitle "IM"]
[WhiteElo "2431"]
[BlackElo "2494"]
[WhiteFideId "4620437"]
[BlackFideId "4198026"]
[EventDate "2020.04.18"]

1. d4 Nf6 2. Nf3 g6 3. g3 Bg7 4. Bg2 c5 5. dxc5 Na6 6. c4 Nxc5 7. Nc3 d6 8. O-O
O-O 9. Be3 Nce4 10. Nxe4 Nxe4 11. Bd4 Bxd4 12. Qxd4 Nf6 13. Rfd1 Bd7 14. c5 dxc5
15. Qxc5 Qb6 16. Qxb6 axb6 17. Ne5 Bb5 18. e3 Ba6 19. a4 Rfd8 20. b4 Rxd1+ 21.
Rxd1 Be2 22. Rd2 Bg4 23. Nxg4 Nxg4 24. Ra2 Ra7 25. a5 Ne5 26. Rd2 bxa5 27. bxa5
Rxa5 28. Bxb7 Kg7 29. Kg2 Rb5 30. Be4 Nc4 31. Rd4 Nd6 32. Bf3 Rb2 33. g4 h6 34.
h4 g5 35. hxg5 hxg5 36. Kg3 Kf6 37. Rd5 Kg6 38. Kg2 f6 39. Rd4 Kg7 40. Be4 Kf7
41. Bf3 Rb6 42. Rd2 Rb4 43. Rc2 Kg7 44. Rd2 Kf7 45. Rc2 Kg6 46. Rd2 Rb6 47. Rd4
Rb2 48. Be4+ Nxe4 49. Rxe4 Kf7 50. Kg3 e5 1/2-1/2

[Event "IM Not A GM Speed Chess"]
[Site "chess.com INT"]
[Date "2020.04.20"]
[Round "1.24"]
[White "Kashlinskaya, Alina"]
[Black "Sielecki, Christof"]
[Result "1-0"]
[WhiteTitle "IM"]
[BlackTitle "IM"]
[WhiteElo "2494"]
[BlackElo "2431"]
[WhiteFideId "4198026"]
[BlackFideId "4620437"]
[EventDate "2020.04.18"]

1. d4 Nf6 2. c4 c5 3. d5 b5 4. cxb5 a6 5. bxa6 g6 6. Nc3 Bg7 7. e4 Qa5 8. Bd2
O-O 9. e5 Ne8 10. h4 h5 11. a7 Qxa7 12. Nf3 Ba6 13. Bxa6 Qxa6 14. Qe2 d6 15. e6
f5 16. Qe3 Nf6 17. Qg5 Kh7 18. Qf4 Qb6 19. Rb1 Na6 20. Ng5+ Kg8 21. Nf7 Nb4 22.
Rh3 Nbxd5 23. Nxd5 Nxd5 24. Qg5 Rxa2 25. Qxg6 Rxb2 26. Rxb2 Qxb2 27. Rg3 Qb1+
28. Ke2 Qe4+ 29. Kf1 Qb1+ 30. Ke2 Qe4+ 31. Kf1 Qc4+ 32. Kg1 Qd4 33. Bh6 Nf4 34.
Qxg7+ Qxg7 35. Rxg7# 1-0

[Event "IM Not A GM Speed Chess"]
[Site "chess.com INT"]
[Date "2020.04.18"]
[Round "1.1"]
[White "Shahade, Gregory"]
[Black "Zatonskih, Anna"]
[Result "1-0"]
[WhiteTitle "IM"]
[BlackTitle "IM"]
[WhiteElo "2476"]
[BlackElo "2420"]
[WhiteFideId "2009064"]
[BlackFideId "14101572"]
[EventDate "2020.04.18"]

1. e4 e6 2. d4 d5 3. Nd2 c5 4. exd5 exd5 5. Ngf3 Nc6 6. Bb5 Qe7+ 7. Be2 Qc7 8.
O-O Nf6 9. Re1 Be6 10. Bd3 O-O-O 11. dxc5 Bxc5 12. Nb3 Bd6 13. h3 Ne4 14. Be3
Kb8 15. Nbd4 Nxd4 16. Nxd4 a6 17. Nxe6 fxe6 18. Bxe4 dxe4 19. Qe2 Rhf8 20. c3
Qa5 21. Rad1 Qxa2 22. Bb6 Bc7 23. Bc5 Rxd1 24. Rxd1 Rd8 25. Rxd8+ Bxd8 26. Bd4
g6 27. Qxe4 Qxb2 28. Qxe6 Qc1+ 29. Kh2 Qf4+ 30. g3 Qf8 31. Qd7 Bc7 32. Qxh7 g5
33. Qe4 Qd8 34. Qf5 a5 35. Qc5 b6 36. Qf5 Kb7 37. Be3 a4 38. Qe4+ Kb8 39. Qxa4
Qd3 40. Qe8+ Kb7 41. Qh8 1-0

[Event "IM Not A GM Speed Chess"]
[Site "chess.com INT"]
[Date "2020.04.19"]
[Round "1.2"]
[White "Zatonskih, Anna"]
[Black "Shahade, Gregory"]
[Result "1-0"]
[WhiteTitle "IM"]
[BlackTitle "IM"]
[WhiteElo "2420"]
[BlackElo "2476"]
[WhiteFideId "14101572"]
[BlackFideId "2009064"]
[EventDate "2020.04.18"]

1. d4 d5 2. c4 c6 3. e3 Nf6 4. Nf3 e6 5. Nbd2 Nbd7 6. Bd3 Bd6 7. O-O O-O 8. e4
dxe4 9. Nxe4 Nxe4 10. Bxe4 Nf6 11. Bc2 c5 12. Bg5 cxd4 13. Qxd4 Be7 14. Rfd1
Qxd4 15. Rxd4 h6 16. Bh4 b6 17. Ne5 Bb7 18. Nd7 Rfd8 19. Rad1 g5 20. Bg3 Bc6 21.
Nxf6+ Bxf6 22. Rxd8+ Rxd8 23. Rxd8+ Bxd8 24. f3 Bf6 25. b3 Bd4+ 26. Bf2 Bxf2+
27. Kxf2 Kg7 28. Ke3 Kf6 29. Be4 Be8 30. Kd4 Ke7 31. c5 f6 32. cxb6 axb6 33. Kc4
Kd6 34. a4 Bd7 35. Bc2 e5 36. b4 Be6+ 37. Kb5 Kc7 38. a5 bxa5 39. bxa5 Bc8 40.
a6 Bd7+ 41. Kc5 Kb8 42. Kd6 Bb5 43. Ke7 Bxa6 44. Kxf6 Bf1 45. g4 Be2 46. Be4 Kc7
47. Kg6 Kd6 48. Kxh6 Bxf3 49. Bxf3 1-0

[Event "IM Not A GM Speed Chess"]
[Site "chess.com INT"]
[Date "2020.04.20"]
[Round "1.3"]
[White "Shahade, Gregory"]
[Black "Zatonskih, Anna"]
[Result "0-1"]
[WhiteTitle "IM"]
[BlackTitle "IM"]
[WhiteElo "2476"]
[BlackElo "2420"]
[WhiteFideId "2009064"]
[BlackFideId "14101572"]
[EventDate "2020.04.18"]

1. e4 e6 2. d4 d5 3. Nd2 c5 4. exd5 Qxd5 5. dxc5 Nf6 6. Ngf3 Qxc5 7. Bd3 Be7 8.
O-O Qc7 9. Qe2 O-O 10. Ne4 Nbd7 11. b3 b6 12. Bb2 Bb7 13. Nxf6+ Bxf6 14. Bxf6
Nxf6 15. c4 Rad8 16. Rad1 Rd6 17. Bc2 Rfd8 18. Rxd6 Rxd6 19. Rd1 Kf8 20. h3
Rxd1+ 21. Qxd1 Bxf3 22. Qxf3 a5 23. Qa8+ Ke7 24. g3 h6 25. Bd1 Nd7 26. Bf3 Ne5
27. Bg2 Qc5 28. Qe4 Nd7 29. Qd3 Qd6 30. Qc2 Qd4 31. Qe2 Nc5 32. h4 Nd7 33. Qc2
Ne5 34. Qe2 f6 35. Qc2 Qd3 36. Qc1 Qd4 37. Qc2 Qa1+ 38. Kh2 Ng4+ 39. Kh3 Qd4 40.
f3 Ne3 41. Qe2 e5 42. Kh2 Qc3 43. Qf2 Qd4 44. Qe2 g5 45. hxg5 hxg5 46. Qe1 Kf7
47. Qb1 Kg7 48. Qe1 f5 49. Qe2 f4 50. g4 Kf6 51. Qe1 Qb2 52. Qg1 Qxa2 53. Kh3
Qxg2+ 54. Qxg2 Nxg2 55. Kxg2 e4 56. fxe4 Ke5 57. Kf3 Kf6 58. Ke2 Ke5 59. Kd3 f3
60. Ke3 f2 61. Kxf2 Kxe4 62. Ke2 Kf4 0-1

[Event "IM Not A GM Speed Chess"]
[Site "chess.com INT"]
[Date "2020.04.22"]
[Round "1.4"]
[White "Zatonskih, Anna"]
[Black "Shahade, Gregory"]
[Result "1-0"]
[WhiteTitle "IM"]
[BlackTitle "IM"]
[WhiteElo "2420"]
[BlackElo "2476"]
[WhiteFideId "14101572"]
[BlackFideId "2009064"]
[EventDate "2020.04.18"]

1. d4 Nf6 2. c4 e6 3. Nf3 Bb4+ 4. Bd2 Qe7 5. g3 Nc6 6. a3 Bxd2+ 7. Qxd2 d6 8.
Bg2 e5 9. d5 Nb8 10. Nc3 O-O 11. O-O a5 12. b4 Na6 13. Rfb1 Bf5 14. Rb2 c6 15.
Nh4 Bd7 16. dxc6 Bxc6 17. Nf5 Qe6 18. Bh3 Ne4 19. Nxe4 Bxe4 20. Nxd6 Qxh3 21.
Nxe4 axb4 22. axb4 Nxb4 23. Rxa8 Rxa8 24. Qxb4 h6 25. Rb1 Ra2 26. Nc3 Rc2 27.
Qb3 Qf5 28. Rd1 h5 29. Nd5 Qe4 30. Qd3 Qxc4 31. Ne7+ Kh8 32. Qd8+ Kh7 33. Qg8+
Kh6 34. Qh8+ Kg5 35. Qxg7# 1-0

[Event "IM Not A GM Speed Chess"]
[Site "chess.com INT"]
[Date "2020.04.23"]
[Round "1.5"]
[White "Shahade, Gregory"]
[Black "Zatonskih, Anna"]
[Result "1/2-1/2"]
[WhiteTitle "IM"]
[BlackTitle "IM"]
[WhiteElo "2476"]
[BlackElo "2420"]
[WhiteFideId "2009064"]
[BlackFideId "14101572"]
[EventDate "2020.04.18"]

1. e4 e6 2. d4 d5 3. Nd2 c5 4. exd5 Qxd5 5. Ngf3 cxd4 6. Bc4 Qd7 7. O-O a6 8.
Nb3 Qc7 9. Bd3 Bd6 10. Nbxd4 Ne7 11. Re1 Nbc6 12. Nxc6 Nxc6 13. Qe2 Bd7 14. Bg5
h6 15. Bh4 Nb4 16. Be4 Bc6 17. c3 Bxe4 18. Qxe4 Nc6 19. Rad1 O-O 20. Bg3 Bxg3
21. hxg3 Rad8 22. g4 Rxd1 23. Rxd1 Rd8 24. Rd3 Rxd3 25. Qxd3 g6 26. g3 Ne5 27.
Nxe5 Qxe5 28. Qf3 Qb5 29. b3 Kg7 30. c4 Qb4 31. Qe4 a5 32. Qd4+ Kg8 33. Qd8+ Kg7
34. Qd4+ Kg8 35. Qd8+ Kg7 1/2-1/2

[Event "IM Not A GM Speed Chess"]
[Site "chess.com INT"]
[Date "2020.04.24"]
[Round "1.6"]
[White "Zatonskih, Anna"]
[Black "Shahade, Gregory"]
[Result "0-1"]
[WhiteTitle "IM"]
[BlackTitle "IM"]
[WhiteElo "2420"]
[BlackElo "2476"]
[WhiteFideId "14101572"]
[BlackFideId "2009064"]
[EventDate "2020.04.18"]

1. d4 d5 2. Nf3 Nf6 3. g3 Bf5 4. Bg2 e6 5. O-O h6 6. c4 c6 7. Qb3 Qb6 8. Nc3 Be7
9. Qxb6 axb6 10. cxd5 exd5 11. Ne5 O-O 12. f3 Be6 13. Nd3 Rd8 14. Rd1 b5 15. Nf4
Bc8 16. e4 dxe4 17. Nxe4 Na6 18. a3 Nb4 19. Rb1 Nc2 20. Ne2 Nxe4 21. fxe4 Bg4
22. Kf2 Bxe2 23. Kxe2 Nxd4+ 24. Kf1 Bf6 25. Be3 Nb3 26. Rxd8+ Rxd8 27. Ke2 Be5
28. Bh3 h5 29. Bg2 g6 30. Bf3 Rd7 31. Kf2 Na5 32. Be2 Nc4 33. Bc5 Nd2 34. Rc1
Bxb2 35. Rc2 Nxe4+ 36. Ke3 Nxc5 37. Rxb2 Na4 38. Rc2 Nb6 39. Bf3 Nc4+ 0-1

[Event "IM Not A GM Speed Chess"]
[Site "chess.com INT"]
[Date "2020.04.25"]
[Round "1.7"]
[White "Shahade, Gregory"]
[Black "Zatonskih, Anna"]
[Result "1-0"]
[WhiteTitle "IM"]
[BlackTitle "IM"]
[WhiteElo "2476"]
[BlackElo "2420"]
[WhiteFideId "2009064"]
[BlackFideId "14101572"]
[EventDate "2020.04.18"]

1. e4 e6 2. d4 d5 3. Nd2 c5 4. exd5 Qxd5 5. Ngf3 cxd4 6. Bc4 Qd7 7. O-O a6 8.
Nb3 Qc7 9. Bd3 Bd6 10. Nbxd4 Ne7 11. Qe2 Nbc6 12. Nxc6 Nxc6 13. Re1 Bd7 14. h3
h6 15. Be3 Ne5 16. Nxe5 Bxe5 17. Be4 Bc6 18. Bxc6+ Qxc6 19. c3 Bf6 20. Rad1 O-O
21. Qg4 Kh8 22. Bd4 Bxd4 23. Rxd4 Rad8 24. Red1 Qb6 25. b3 Kg8 26. Qf3 Rxd4 27.
Rxd4 e5 28. Rd7 Qa5 29. Qxb7 Qxc3 30. Qxa6 Qa1+ 31. Kh2 Qb2 32. Qa7 e4 33. Re7
Qc2 34. b4 Qd3 35. g3 Qd6 36. a3 Qd5 37. Qe3 f5 38. Qa7 1-0

[Event "IM Not A GM Speed Chess"]
[Site "chess.com INT"]
[Date "2020.04.26"]
[Round "1.8"]
[White "Zatonskih, Anna"]
[Black "Shahade, Gregory"]
[Result "1-0"]
[WhiteTitle "IM"]
[BlackTitle "IM"]
[WhiteElo "2420"]
[BlackElo "2476"]
[WhiteFideId "14101572"]
[BlackFideId "2009064"]
[EventDate "2020.04.18"]

1. d4 Nf6 2. c4 e6 3. Nf3 Bb4+ 4. Bd2 Qe7 5. g3 Nc6 6. a3 Bxd2+ 7. Qxd2 d6 8.
Bg2 O-O 9. O-O e5 10. d5 Nb8 11. Nc3 a5 12. b4 Na6 13. Rfb1 c6 14. e4 Bg4 15.
Ne1 axb4 16. axb4 c5 17. b5 Nb4 18. Nd3 Nxd3 19. Qxd3 Nd7 20. f3 Bh5 21. Na4 Ra5
22. Ra3 Rfa8 23. Rba1 Qd8 24. Bh3 Nb6 25. Nxb6 Qxb6 26. Qc3 R5a7 27. Kf2 h6 28.
Bf5 f6 29. Be6+ Kh7 30. g4 Bg6 31. h4 Rxa3 32. Rxa3 Rxa3 33. Qxa3 Be8 34. Qa8
Bxb5 35. Qg8+ Kg6 36. Bf5# 1-0

[Event "IM Not A GM Speed Chess"]
[Site "chess.com INT"]
[Date "2020.04.22"]
[Round "1.9"]
[White "Shahade, Gregory"]
[Black "Zatonskih, Anna"]
[Result "1/2-1/2"]
[WhiteTitle "IM"]
[BlackTitle "IM"]
[WhiteElo "2476"]
[BlackElo "2420"]
[WhiteFideId "2009064"]
[BlackFideId "14101572"]
[EventDate "2020.04.18"]

1. e4 e6 2. d4 d5 3. Nd2 c5 4. exd5 exd5 5. Ngf3 Nc6 6. Bb5 Qe7+ 7. Be2 Nf6 8.
O-O Qc7 9. Re1 cxd4 10. Bd3+ Be7 11. h3 O-O 12. Nb3 Bb4 13. Bd2 Bxd2 14. Qxd2
Qb6 15. Nbxd4 Nxd4 16. Nxd4 Qxb2 17. Nb5 Ne4 18. Qe3 Be6 19. Nc7 Rac8 20. Nxe6
fxe6 21. Bxe4 dxe4 22. Qxe4 Qxc2 23. Qxe6+ Kh8 24. Re2 Qc3 25. Rae1 b6 26. Qd6
h6 27. Re7 Rcd8 28. Qg6 Rd2 29. f3 Qd4+ 30. Kh1 Qf6 31. Qg4 Rxa2 32. R1e6 Ra1+
33. Re1 Rxe1+ 34. Rxe1 Qf4 35. Qd7 Qf7 36. Re7 Qf6 37. Qxa7 b5 38. Rb7 Qe5 39.
Qb6 Qe1+ 40. Kh2 Qe5+ 41. Kh1 Qe1+ 42. Kh2 Qe5+ 43. Kh1 1/2-1/2

[Event "IM Not A GM Speed Chess"]
[Site "chess.com INT"]
[Date "2020.04.18"]
[Round "1.10"]
[White "Zatonskih, Anna"]
[Black "Shahade, Gregory"]
[Result "0-1"]
[WhiteTitle "IM"]
[BlackTitle "IM"]
[WhiteElo "2420"]
[BlackElo "2476"]
[WhiteFideId "14101572"]
[BlackFideId "2009064"]
[EventDate "2020.04.18"]

1. d4 Nf6 2. c4 e6 3. Nf3 Bb4+ 4. Bd2 Qe7 5. g3 Nc6 6. a3 Bxd2+ 7. Qxd2 d6 8.
Bg2 O-O 9. O-O e5 10. d5 Nb8 11. Nc3 a5 12. Qc2 Na6 13. e4 Bd7 14. Rfb1 c6 15.
Ne1 h5 16. Nd3 h4 17. b4 cxd5 18. cxd5 Rfc8 19. Qd2 Qd8 20. Bf3 Qc7 21. Rc1 Qb6
22. Rab1 axb4 23. axb4 Nc7 24. gxh4 Nb5 25. Nxb5 Bxb5 26. Ne1 Qd8 27. Kh1 Nd7
28. Qg5 Qxg5 29. hxg5 Nb6 30. Bg4 Rxc1 31. Rxc1 Bc4 32. Kg2 Ra4 33. Nc2 Bd3 34.
f3 Ra2 35. Kg3 Rxc2 36. Ra1 Rc7 37. Ra7 Ba6 38. h4 g6 39. h5 gxh5 40. Bxh5 Kg7
41. Kh4 Rc8 42. Bg4 Ra8 43. Rxa8 Nxa8 44. Bf5 Nc7 45. Kg4 Be2 46. Kg3 b6 47. f4
f6 48. g6 Bh5 49. fxe5 fxe5 0-1

[Event "IM Not A GM Speed Chess"]
[Site "chess.com INT"]
[Date "2020.04.22"]
[Round "1.11"]
[White "Shahade, Gregory"]
[Black "Zatonskih, Anna"]
[Result "1-0"]
[WhiteTitle "IM"]
[BlackTitle "IM"]
[WhiteElo "2476"]
[BlackElo "2420"]
[WhiteFideId "2009064"]
[BlackFideId "14101572"]
[EventDate "2020.04.18"]

1. e4 e6 2. d4 d5 3. Nd2 c5 4. exd5 Qxd5 5. Ngf3 cxd4 6. Bc4 Qd7 7. O-O a6 8.
Nb3 Nc6 9. Nbxd4 Nxd4 10. Nxd4 Qc7 11. Qe2 Bd6 12. h3 Ne7 13. Bd3 Bd7 14. c4 O-O
15. b3 e5 16. Nf3 f5 17. c5 Qxc5 18. Be3 Qa5 19. Nd2 e4 20. Nc4 Qd5 21. Bc2 Bb5
22. Rfd1 Qe6 23. a4 Bxc4 24. bxc4 Nc6 25. c5 Be5 26. Rab1 Qf7 27. Bb3 f4 28.
Bxf7+ Rxf7 29. Bc1 f3 30. Qxe4 fxg2 31. Rxb7 Rxb7 32. Qxc6 1-0

[Event "IM Not A GM Speed Chess"]
[Site "chess.com INT"]
[Date "2020.04.22"]
[Round "1.12"]
[White "Zatonskih, Anna"]
[Black "Shahade, Gregory"]
[Result "1-0"]
[WhiteTitle "IM"]
[BlackTitle "IM"]
[WhiteElo "2420"]
[BlackElo "2476"]
[WhiteFideId "14101572"]
[BlackFideId "2009064"]
[EventDate "2020.04.18"]

1. d4 Nf6 2. c4 e6 3. Nf3 Bb4+ 4. Bd2 Qe7 5. g3 Nc6 6. a3 Bxd2+ 7. Qxd2 d6 8.
Bg2 O-O 9. O-O e5 10. d5 Nb8 11. Nc3 a5 12. Qc2 Na6 13. Nd2 Bd7 14. Rfb1 h6 15.
b3 Rfc8 16. Ra2 c6 17. Qd1 Bf5 18. Nde4 Nc5 19. Nxf6+ Qxf6 20. Rc1 e4 21. b4
axb4 22. axb4 Rxa2 23. Nxa2 Na6 24. dxc6 bxc6 25. b5 Nc5 26. Nc3 cxb5 27. Nd5
Qe5 28. cxb5 Rb8 29. b6 Be6 30. Ne7+ Kh7 31. Nc6 Qf6 32. Nxb8 Qd8 33. Nc6 Qxb6
34. Qxd6 Nb3 35. Rb1 e3 36. f4 Qa6 37. Be4+ g6 38. f5 gxf5 39. Bd3 Qa2 40. Rf1
Nd2 41. Rxf5 Bxf5 42. Bxf5+ Kg8 43. Qd8+ Kg7 44. Qd4+ Kg8 45. Ne7+ Kf8 46. Nd5
Qa1+ 47. Qxa1 Nc4 1-0

[Event "IM Not A GM Speed Chess"]
[Site "chess.com INT"]
[Date "2020.04.22"]
[Round "1.13"]
[White "Shahade, Gregory"]
[Black "Zatonskih, Anna"]
[Result "1-0"]
[WhiteTitle "IM"]
[BlackTitle "IM"]
[WhiteElo "2476"]
[BlackElo "2420"]
[WhiteFideId "2009064"]
[BlackFideId "14101572"]
[EventDate "2020.04.18"]

1. e4 e6 2. d4 d5 3. Nd2 c5 4. exd5 Qxd5 5. Ngf3 cxd4 6. Bc4 Qd7 7. O-O a6 8.
Nb3 Nc6 9. Nbxd4 Nxd4 10. Qxd4 Qxd4 11. Nxd4 Bd7 12. Be2 O-O-O 13. Bf3 e5 14.
Nb3 f5 15. Bg5 Be7 16. Bxe7 Nxe7 17. Rad1 Bb5 18. Rxd8+ Rxd8 19. Rd1 Rxd1+ 20.
Bxd1 b6 21. f3 Kd7 22. Kf2 Kd6 23. Ke3 Nd5+ 24. Kd2 g5 25. Nc1 a5 26. b3 Bc6 27.
c4 Nf4 28. g3 Ne6 29. Nd3 Nd4 30. f4 exf4 31. gxf4 g4 32. Ke3 Ne6 33. Ne5 h5 34.
Bc2 Ng7 35. Kd4 Be8 36. a3 h4 37. b4 axb4 38. axb4 h3 39. c5+ bxc5+ 40. bxc5+
Kc7 41. Ke3 g3 42. Nf3 g2 43. Ng1 Bc6 44. Nxh3 Nh5 45. Bxf5 Bd5 46. Be4 Kc6 47.
Bxd5+ Kxd5 48. Kf2 Kxc5 49. Kxg2 Kd4 50. Kf3 Kd5 51. Ng5 Kd6 52. Ne4+ Ke6 53.
Kg4 Ng7 54. Ng3 Kf6 55. Nh5+ Nxh5 56. Kxh5 Kf5 57. h4 Kxf4 58. Kg6 1-0

[Event "IM Not A GM Speed Chess"]
[Site "chess.com INT"]
[Date "2020.04.22"]
[Round "1.14"]
[White "Zatonskih, Anna"]
[Black "Shahade, Gregory"]
[Result "0-1"]
[WhiteTitle "IM"]
[BlackTitle "IM"]
[WhiteElo "2420"]
[BlackElo "2476"]
[WhiteFideId "14101572"]
[BlackFideId "2009064"]
[EventDate "2020.04.18"]

1. d4 Nf6 2. Nf3 e6 3. g3 b5 4. Bg2 Bb7 5. O-O c5 6. c3 Na6 7. a4 b4 8. c4 cxd4
9. Nxd4 Bxg2 10. Kxg2 Bc5 11. b3 O-O 12. Bb2 d5 13. Nd2 Qb6 14. e3 Rfd8 15. cxd5
Nxd5 16. Nc4 Qb7 17. Qf3 Rac8 18. Rfd1 Qe7 19. Nf5 exf5 20. Rxd5 Rxd5 21. Qxd5
Qe6 22. Rd1 Bf8 23. Qxe6 fxe6 24. Rd2 Nc5 25. Na5 Ne4 26. Re2 Be7 27. f3 Nc3 28.
Rc2 Rc5 29. Nc4 Nd5 30. Rd2 Kf8 31. e4 fxe4 32. fxe4 Nc3 33. Kf3 Nxa4 34. Bd4
Rc7 35. Bxa7 Rxa7 36. bxa4 Rxa4 37. Ne5 Ra3+ 38. Ke2 Ke8 39. Nc6 b3 40. Nd4 Bf6
41. Nxe6 b2 42. Nc7+ Kf7 43. Rd1 Ra1 0-1

[Event "IM Not A GM Speed Chess"]
[Site "chess.com INT"]
[Date "2020.04.22"]
[Round "1.15"]
[White "Shahade, Gregory"]
[Black "Zatonskih, Anna"]
[Result "1-0"]
[WhiteTitle "IM"]
[BlackTitle "IM"]
[WhiteElo "2476"]
[BlackElo "2420"]
[WhiteFideId "2009064"]
[BlackFideId "14101572"]
[EventDate "2020.04.18"]

1. b3 d5 2. Bb2 Nf6 3. Nf3 g6 4. e3 Bg7 5. c4 c6 6. Be2 O-O 7. O-O a6 8. d3 b5
9. Nbd2 Re8 10. Qc2 Bb7 11. Rac1 Nbd7 12. Rfd1 Rc8 13. h3 e5 14. Ne1 Qe7 15. a3
Nc5 16. b4 Ncd7 17. Qb3 Nb8 18. Rc2 e4 19. cxd5 exd3 20. Nxd3 Nxd5 21. Bxg7 Kxg7
22. Nc5 Ba8 23. Bf3 Nc7 24. Nde4 Rcd8 25. Rcd2 Rd5 26. Qc3+ f6 27. Ng3 Rxd2 28.
Rxd2 Rd8 29. Nge4 Nd5 30. Qb2 h5 31. Nxf6 Qxf6 32. Ne6+ Kf7 33. Qxf6+ Nxf6 34.
Rxd8 Ke7 35. Rxb8 1-0

[Event "IM Not A GM Speed Chess"]
[Site "chess.com INT"]
[Date "2020.04.22"]
[Round "1.16"]
[White "Zatonskih, Anna"]
[Black "Shahade, Gregory"]
[Result "0-1"]
[WhiteTitle "IM"]
[BlackTitle "IM"]
[WhiteElo "2420"]
[BlackElo "2476"]
[WhiteFideId "14101572"]
[BlackFideId "2009064"]
[EventDate "2020.04.18"]

1. d4 Nf6 2. c4 e6 3. Nf3 Bb4+ 4. Bd2 Qe7 5. g3 Nc6 6. a3 Bxd2+ 7. Qxd2 d6 8.
Bg2 O-O 9. O-O e5 10. d5 Nb8 11. Nc3 a5 12. b4 Na6 13. Rfb1 Bf5 14. Rb2 Bd7 15.
Ne1 Rfc8 16. Nd3 c6 17. dxc6 bxc6 18. b5 Nb8 19. b6 Re8 20. b7 Ra7 21. Rab1 Be6
22. c5 d5 23. Nxe5 Qxc5 24. Na4 Qxa3 25. Ra2 Qe7 26. Rab2 Bf5 27. Rc1 Qxe5 28.
Nc5 Qc7 29. Ra2 Nfd7 30. e4 Nxc5 31. exf5 Nxb7 32. Bxd5 Nd6 33. Rac2 Qe7 34.
Bxc6 Nxc6 35. Rxc6 Nxf5 36. Qf4 g6 37. h4 h5 38. R6c5 a4 39. Rc8 Rxc8 40. Rxc8+
Kh7 41. Qb8 Rb7 42. Rh8+ Kg7 43. Qg8+ Kf6 44. Qc8 Rb1+ 45. Kh2 a3 46. Qc3+ Qe5
47. Qxa3 Nxh4 48. Qa6+ Kg7 49. Qc8 Nf3+ 50. Kg2 Ne1+ 51. Kh2 Qf5 52. Rg8+ Kh6
53. Rh8+ Kg5 54. Qd8+ Kg4 55. Qd4+ Kg5 56. Qd2+ Kf6 57. Qd4+ Qe5 58. Qd8+ Kf5
59. Rf8 Nf3+ 60. Kg2 Rg1+ 61. Kh3 Rh1+ 62. Kg2 Rh2+ 63. Kxf3 Qe4# 0-1

[Event "IM Not A GM Speed Chess"]
[Site "chess.com INT"]
[Date "2020.04.22"]
[Round "1.17"]
[White "Shahade, Gregory"]
[Black "Zatonskih, Anna"]
[Result "1-0"]
[WhiteTitle "IM"]
[BlackTitle "IM"]
[WhiteElo "2476"]
[BlackElo "2420"]
[WhiteFideId "2009064"]
[BlackFideId "14101572"]
[EventDate "2020.04.18"]

1. b3 e5 2. Bb2 d6 3. g3 f5 4. Bg2 Nf6 5. d3 g6 6. Nd2 Bg7 7. e3 O-O 8. Ne2 Re8
9. O-O Be6 10. c4 c6 11. d4 e4 12. Nf4 Bf7 13. h4 h6 14. Qc2 g5 15. hxg5 hxg5
16. Ne2 Bh5 17. Nc3 Qe7 18. Rfc1 a5 19. a3 Na6 20. Kf1 Qf7 21. Ke1 Qg6 22. Bf1
Bg4 23. Be2 Qh5 24. Bxg4 Nxg4 25. Nf1 f4 26. Qe2 f3 27. Qd2 Qh3 28. Nd1 Kf7 29.
Qc2 Rh8 30. Qxe4 Qxf1+ 31. Kd2 Qe2+ 32. Kc3 Nf6 33. Qf5 b5 34. b4 Qxc4+ 35. Kd2
Qe2+ 36. Kc3 g4 37. Rc2 Qc4+ 38. Kd2 Qd5 39. Qxd5+ Nxd5 40. Rxc6 axb4 41. Rxd6
Ne7 42. axb4 Nxb4 43. Rxa8 Rxa8 44. Rb6 Ra5 45. Bc3 Ra2+ 46. Nb2 Nbd5 47. Rxb5
Nxc3 48. Kxc3 Ra1 49. Rg5 Rc1+ 50. Kd2 Rf1 51. Nd3 Nc6 52. Rxg4 Bf8 53. Rf4+ Ke6
54. Rxf3 Nb4 55. Rxf8 Nxd3 56. Kxd3 1-0

[Event "IM Not A GM Speed Chess"]
[Site "chess.com INT"]
[Date "2020.04.22"]
[Round "1.18"]
[White "Zatonskih, Anna"]
[Black "Shahade, Gregory"]
[Result "0-1"]
[WhiteTitle "IM"]
[BlackTitle "IM"]
[WhiteElo "2420"]
[BlackElo "2476"]
[WhiteFideId "14101572"]
[BlackFideId "2009064"]
[EventDate "2020.04.18"]

1. e4 e5 2. Nf3 Nc6 3. Nc3 Nf6 4. d4 exd4 5. Nxd4 Bb4 6. Nxc6 bxc6 7. Bd3 d5 8.
exd5 O-O 9. O-O Bg4 10. f3 Bh5 11. dxc6 Qd4+ 12. Kh1 Bxc3 13. bxc3 Qxc3 14. Rb1
Qxc6 15. Bg5 Bg6 16. Bb5 Qc3 17. Ba4 h6 18. Bf4 Qc4 19. Qd2 Qxa4 20. Bxc7 Qxc2
21. Qxc2 Bxc2 0-1

[Event "IM Not A GM Speed Chess"]
[Site "chess.com INT"]
[Date "2020.04.22"]
[Round "1.19"]
[White "Shahade, Gregory"]
[Black "Zatonskih, Anna"]
[Result "1-0"]
[WhiteTitle "IM"]
[BlackTitle "IM"]
[WhiteElo "2476"]
[BlackElo "2420"]
[WhiteFideId "2009064"]
[BlackFideId "14101572"]
[EventDate "2020.04.18"]

1. e4 d5 2. exd5 Qxd5 3. Nc3 Qd6 4. d4 c6 5. Nf3 Bg4 6. h3 Bxf3 7. Qxf3 Qxd4 8.
Bf4 Nd7 9. Rd1 Qb4 10. Be2 Ngf6 11. O-O e6 12. a3 Qa5 13. b4 Qb6 14. Na4 Qd8 15.
b5 Qc8 16. bxc6 bxc6 17. Qc3 Be7 18. Bf3 Nd5 19. Qxg7 Bf6 20. Qg3 Nxf4 21. Qxf4
Rb8 22. Rfe1 Ke7 23. Qc4 c5 24. Nc3 Ne5 25. Qe4 Rg8 26. g3 Qc7 27. Bg2 Rg7 28.
f4 Nd7 29. Nd5+ 1-0